| 000 | 00694nam a2200241Ia 4500 | ||
|---|---|---|---|
| 003 | OSt | ||
| 005 | 20220918172239.0 | ||
| 006 | a|||||r|||| 00| 0 | ||
| 007 | ta | ||
| 008 | 220917b |||||||| |||| 00| 0 eng d | ||
| 020 |
_a9844460883 (hbk) _c75 |
||
| 024 | _a290,772 | ||
| 037 |
_bM/2009/43, 03/08/2009, Mukta Dhara _cTextual |
||
| 040 |
_aARTS _cARTS _beng |
||
| 041 |
_2eng _aeng |
||
| 082 | _aO142,6M68x, 157P4 | ||
| 100 |
_aHaque Mahbubul _941009 |
||
| 245 | 0 | _aMaxim gorkyr maa | |
| 260 | _c2004 | ||
| 650 |
_aRUSSIAN LITERATURE _915056 |
||
| 942 |
_hO142,6M68x, 157P4 _cTEXL _2CC |
||
| 999 |
_c143231 _d143231 |
||